000 00663nam a2200217 a 4500
999 _c3694
_d3694
001 3694
003 BD-JhCC
005 20171116175914.0
008 171116s1989 bg |||| ||a| 000 0 ben d
035 _a(BD-JhCC)3694
040 _aBD-JhCC
_dBD-JhCC
041 _aben
082 _a891.4409
_bFAR 1989
100 _aফারুকী, রশীদ আল
245 _aব্যক্তি ও ব্যক্তিত্ব /
_cরশীদ আল ফারুকী
260 _aঢাকা :
_bবাংলা একাডেমী,
_c১৯৮৯.
300 _a233 p. :
_c21 cm.
650 _aCollection Of Essays
942 _2ddc
_cBK